Government and nuclear energy
Guardado en:
| Autor Corporativo: | |
|---|---|
| Formato: | Libro |
| Lenguaje: | inglés |
| Publicado: |
Paris
OECD
2004
|
| Materias: | |
| Etiquetas: |
Sin Etiquetas, Sea el primero en etiquetar este registro!
|
MARC
| LEADER | 00000nam$a2200000$$$4500 | ||
|---|---|---|---|
| 001 | 0022267 | ||
| 005 | 20240315120700.7 | ||
| 020 | |a 92-64-01538-8 | ||
| 041 | 0 | |a eng | |
| 044 | |a FR | ||
| 245 | 1 | 0 | |a Government and nuclear energy |
| 264 | 1 | |a Paris |b OECD |c 2004 | |
| 300 | |a 91 s. | ||
| 610 | 2 | 0 | |a energia atómová |
| 610 | 2 | 0 | |a vláda |
| 610 | 2 | 0 | |a energia |
| 610 | 2 | 0 | |a elektrina |
| 610 | 2 | 0 | |a výroba energie |
| 610 | 2 | 0 | |a trh energetický |
| 610 | 2 | 0 | |a bezpečnosť jadrová |
| 610 | 2 | 0 | |a OECD |
| 710 | 2 | |a OECD. Nuclear Energy Agency | |